| 000 | 00342nam a22001337a 4500 | ||
|---|---|---|---|
| 003 | OSt | ||
| 005 | 20251120083741.0 | ||
| 008 | 251120b |||||||| |||| 00| 0 eng d | ||
| 040 | _cPENGUINE GROUPS | ||
| 050 | _aD 745.2 .C3 1972 | ||
| 245 |
_aSECOND WORLD WAR _cCALVOCORESSI, PETER |
||
| 260 |
_aLONDON _bPENGUINE GROUP _c1972 |
||
| 942 |
_2ddc _cBK _n0 |
||
| 999 |
_c9840 _d9840 |
||